| 000 | 004540000a22001810004500 | ||
|---|---|---|---|
| 003 | MACL | ||
| 005 | 20160119155309.0 | ||
| 008 | 160119b xxu||||| |||| 00| 0 eng d | ||
| 040 |
_aMACL _cMACL |
||
| 041 | _aEnglish | ||
| 082 | _a001/THO | ||
| 100 |
_aThorpe, Edgar _933299 |
||
| 245 | _aConcise General Knowledge Manual 2003 | ||
| 260 |
_bPearson Education _c2003 _aDelhi |
||
| 350 | _a99 | ||
| 650 |
_aGeneralities _91354 |
||
| 942 |
_cBK _k001/THO _2ddc |
||
| 999 |
_c33033 _d33033 |
||